| 000 | 01090cam a2200229 4500 | ||
|---|---|---|---|
| 001 | ABS66915 | ||
| 008 | 030805n2003 000 0 eng u | ||
| 035 | _a(Sirsi) u123195 | ||
| 100 | _aSinclair, D. | ||
| 245 | _aUse of GIS in site investigation | ||
| 260 | _c2003 | ||
| 490 |
_aCivil Engineering Surveyor _vJuly/August 2003, 34-35(2) |
||
| 520 | _aExamines the use and benefits of GIS in site investigation. Describes the general features of GIS and defines site investigation as the collection of geological, geophysical and geotechnical data for the purpose of project feasibility, design and operation. Expands on the use of GIS in data integration and planning, data analysis, data visualisation and decision support and data and asset management. Concludes that GIS is an ideal tool to store data related to a project for present and future use. Figures. | ||
| 590 | _aABS | ||
| 650 | _aSITE INVESTIGATION | ||
| 650 | _aGIS | ||
| 650 | _aDATA ANALYSIS | ||
| 650 | _aDATA MANAGEMENT | ||
| 650 |
_aGeomatics _96242 |
||
| 690 | _aMAPPING AND MEASUREMENT-GIS | ||
| 942 | _n0 | ||
| 999 |
_c73166 _d73166 |
||